[Event "POL-chT U26 rapid"]
[Site "Hucisko"]
[Date "2016.01.16"]
[Round "1.6"]
[White "Kowalewska, Agata"]
[Black "Kowara, Magdalena"]
[Result "0-1"]
[WhiteElo "1694"]
[BlackElo "1869"]
[PlyCount "96"]
[EventDate "2016.01.16"]
[EventType "team-swiss (rapid)"]
[EventRounds "9"]
[EventCountry "POL"]
[SourceTitle "CBM 170 Extra"]
[Source "ChessBase"]
[SourceDate "2016.02.25"]
[SourceVersion "1"]
[SourceVersionDate "2016.02.25"]
[SourceQuality "1"]
[WhiteTeam "Warsaw WAT"]
[BlackTeam "Poznan UE"]
[WhiteTeamCountry "POL"]
[BlackTeamCountry "POL"]

1. e4 c5 2. Nf3 e6 3. d4 cxd4 4. Nxd4 a6 5. Nc3 Qc7 6. Be3 Nf6 7. Bd3 b5 8. a3 Bb7 9. 0-0 Be7 10. f4 d6 11. Qf3 0-0 12. Qg3 Nbd7 13. f5 e5 14. Nf3 Kh8 15. Nh4 Nc5 16. Qh3 Kg8 17. Qg3 Rfd8 18. Bh6 Bf8 19. Bg5 Kh8 20. Bxf6 gxf6 21. Qh3 d5 22. exd5 Bxd5 23. Nxd5 Rxd5 24. Ng6+ fxg6 25. fxg6 Nxd3 26. cxd3 Qb6+ 27. Kh1 h6 28. Rf3 Bg7 29. Rc1 Rad8 30. Rc8 a5 31. Rxd8+ Rxd8 32. Qf5 Qc6 33. Rf1 Qd7 34. Qe4 Qxd3 35. Qxd3 Rxd3 36. b4 axb4 37. axb4 Bf8 38. h3 Bxb4 39. Rxf6 Kg7 40. Rb6 Rd5 41. Re6 Bc3 42. Kh2 b4 43. Rb6 e4 44. Kg3 Rg5+ 45. Kf4 Rxg6 46. Rxg6+ Kxg6 47. Kxe4 Kg5 48. Kf3 Kh4 0-1

[Event "POL-ch U18 Girls"]
[Site "Szczyrk"]
[Date "2013.??.??"]
[Round "3"]
[White "Kowalewska, Agata"]
[Black "Starczewska, Dominika"]
[Result "0-1"]
[WhiteElo "1684"]
[BlackElo "1970"]
[PlyCount "38"]
[EventDate "2013.03.17"]
[EventType "swiss"]
[EventRounds "9"]
[EventCountry "POL"]
[SourceTitle "CBM 153 Extra"]
[Source "ChessBase"]
[SourceDate "2013.04.22"]
[SourceVersion "1"]
[SourceVersionDate "2013.04.22"]
[SourceQuality "1"]

1. e4 c5 2. Nf3 Nc6 3. d4 cxd4 4. Nxd4 Nf6 5. Nc3 d6 6. Be3 Ng4 7. Be2 Nxe3 8. fxe3 g6 9. 0-0 Bh6 10. Nd5 0-0 11. Qd2 Nxd4 12. Qxd4 Bg7 13. Qb4 Be5 14. Nf4 a5 15. Qb5 Bd7 16. Qxb7 Rb8 17. Qd5 Rxb2 18. Rac1 e6 19. Qc4 Bb5 0-1

[Event "POL-ch U16 Girls"]
[Site "Murzasichle"]
[Date "2011.03.10"]
[Round "7"]
[White "Wesolowska, Katarzyna"]
[Black "Kowalewska, Agata"]
[Result "1-0"]
[WhiteElo "1718"]
[BlackElo "1658"]
[PlyCount "55"]
[EventDate "2011.03.05"]
[EventType "swiss"]
[EventRounds "9"]
[EventCountry "POL"]
[SourceTitle "EXT 2013"]
[Source "ChessBase"]
[SourceDate "2012.11.22"]
[SourceVersion "1"]
[SourceVersionDate "2012.11.22"]
[SourceQuality "1"]

1. e4 c5 2. c3 Nf6 3. e5 Nd5 4. d4 cxd4 5. cxd4 Nc6 6. Bc4 Nb6 7. Bb3 e6 8. Nf3 d6 9. 0-0 Be7 10. Qe2 0-0 11. Nc3 a6 12. Bf4 dxe5 13. dxe5 Qc7 14. Rfd1 Nd7 15. Rac1 b5 16. Ne4 Bb7 17. Nd6 Bxd6 18. Rxd6 Rac8 19. Qd3 Nb6 20. Ng5 g6 21. Qh3 h5 22. g4 Nc4 23. Bxc4 bxc4 24. gxh5 Nd8 25. hxg6 fxg6 26. Nxe6 Nxe6 27. Qxe6+ Kh8 28. Rd7 1-0

[Event "POL-ch U16 Girls"]
[Site "Murzasichle"]
[Date "2011.03.09"]
[Round "6"]
[White "Kowalewska, Agata"]
[Black "Gorol, Dominika"]
[Result "1-0"]
[WhiteElo "1658"]
[BlackElo "1528"]
[PlyCount "69"]
[EventDate "2011.03.05"]
[EventType "swiss"]
[EventRounds "9"]
[EventCountry "POL"]
[SourceTitle "EXT 2013"]
[Source "ChessBase"]
[SourceDate "2012.11.22"]
[SourceVersion "1"]
[SourceVersionDate "2012.11.22"]
[SourceQuality "1"]

1. e4 c5 2. Nf3 e6 3. d4 cxd4 4. Nxd4 a6 5. Nc3 Nc6 6. Be3 Qc7 7. Nxc6 bxc6 8. Bd3 Nf6 9. 0-0 Bb4 10. Na4 0-0 11. f4 Rb8 12. a3 Be7 13. c4 d6 14. Kh1 e5 15. f5 d5 16. cxd5 cxd5 17. Rc1 Qd8 18. Bb6 Qe8 19. Bc7 Bd7 20. Nb6 dxe4 21. Bxa6 Bb5 22. Bxb5 Qxb5 23. Bxb8 Rxb8 24. Nc4 Nd5 25. a4 Qb7 26. Na5 Qb6 27. Qxd5 Bg5 28. Nc4 Qb3 29. Rc3 Qxa4 30. Nxe5 Qa6 31. Rd1 e3 32. Nxf7 Bf4 33. Nh6+ Kh8 34. Qg8+ Rxg8 35. Nf7# 1-0

[Event "POL-ch U16 Girls"]
[Site "Murzasichle"]
[Date "2011.03.08"]
[Round "5"]
[White "Mucha, Magdalena"]
[Black "Kowalewska, Agata"]
[Result "1-0"]
[WhiteElo "1851"]
[BlackElo "1658"]
[PlyCount "117"]
[EventDate "2011.03.05"]
[EventType "swiss"]
[EventRounds "9"]
[EventCountry "POL"]
[SourceTitle "EXT 2013"]
[Source "ChessBase"]
[SourceDate "2012.11.22"]
[SourceVersion "1"]
[SourceVersionDate "2012.11.22"]
[SourceQuality "1"]

1. d4 d5 2. Nf3 Nc6 3. g3 Bg4 4. Bg2 e6 5. 0-0 Bd6 6. c4 dxc4 7. Qa4 Nf6 8. Qxc4 0-0 9. Nc3 a6 10. a3 Qd7 11. Bg5 b5 12. Qd3 Nd5 13. e4 Nxc3 14. bxc3 Bxf3 15. Bxf3 f6 16. Be3 e5 17. a4 Na5 18. Be2 bxa4 19. dxe5 fxe5 20. Qd5+ Kh8 21. Qxa5 a3 22. c4 Qc6 23. Qd5 Qa4 24. c5 Be7 25. Qc4 Qa5 26. Rfc1 Rfb8 27. Rc3 Rb4 28. Rcxa3 Qxa3 29. Rxa3 Rxc4 30. Bxc4 a5 31. Bd2 Bxc5 32. Rxa5 Rxa5 33. Bxa5 Bd6 34. Kf1 g6 35. Bc3 Kg7 36. f4 Kf6 37. Ke2 h6 38. Bxe5+ Bxe5 39. fxe5+ Kxe5 40. Ke3 c5 41. Bf7 Kf6 42. Bd5 Ke5 43. Kd3 g5 44. Kc4 Kd6 45. Ba8 h5 46. Bd5 h4 47. gxh4 gxh4 48. h3 Ke5 49. Kxc5 Kf4 50. Kd4 Kg3 51. Be6 Kf4 52. e5 Kg5 53. Kd5 Kf4 54. Bg4 Kg5 55. e6 Kf6 56. Kd6 Kg7 57. e7 Kf7 58. Kd7 Kf6 59. e8Q 1-0

[Event "POL-ch U16 Girls"]
[Site "Murzasichle"]
[Date "2011.03.07"]
[Round "4"]
[White "Kowalewska, Agata"]
[Black "Korpalska, Joanna"]
[Result "1-0"]
[WhiteElo "1658"]
[BlackElo "1560"]
[PlyCount "81"]
[EventDate "2011.03.05"]
[EventType "swiss"]
[EventRounds "9"]
[EventCountry "POL"]
[SourceTitle "EXT 2013"]
[Source "ChessBase"]
[SourceDate "2012.11.22"]
[SourceVersion "1"]
[SourceVersionDate "2012.11.22"]
[SourceQuality "1"]

1. e4 e5 2. Nf3 Nc6 3. Bc4 Bc5 4. d3 Nf6 5. c3 d6 6. a4 a6 7. 0-0 Be6 8. Bxe6 fxe6 9. Qb3 Qc8 10. Ng5 d5 11. exd5 exd5 12. d4 Bd6 13. dxe5 Nxe5 14. Nd2 h6 15. Ngf3 0-0 16. Nxe5 Bxe5 17. f4 Bd6 18. Nf3 c6 19. Qc2 Bc5+ 20. Kh1 Ng4 21. Nd4 Qe8 22. h3 Nf6 23. Bd2 Ne4 24. Rf3 Rf6 25. f5 Qf7 26. Raf1 Bxd4 27. cxd4 Nxd2 28. Qxd2 Rf8 29. Qb4 Qd7 30. g4 g6 31. Qd2 gxf5 32. Qf2 f4 33. Qh4 Qh7 34. g5 hxg5 35. Qxg5+ Rg6 36. Qe5 Rgf6 37. Rg1+ Kh8 38. Rg5 Qb1+ 39. Kh2 Qxb2+ 40. Rg2 Qb1 41. Rxf4 1-0

[Event "POL-ch U16 Girls"]
[Site "Murzasichle"]
[Date "2011.03.06"]
[Round "2"]
[White "Kowalewska, Agata"]
[Black "Tarnowska, Aleksandra"]
[Result "0-1"]
[WhiteElo "1658"]
[BlackElo "1816"]
[PlyCount "60"]
[EventDate "2011.03.05"]
[EventType "swiss"]
[EventRounds "9"]
[EventCountry "POL"]
[SourceTitle "EXT 2013"]
[Source "ChessBase"]
[SourceDate "2012.11.22"]
[SourceVersion "1"]
[SourceVersionDate "2012.11.22"]
[SourceQuality "1"]

1. e4 e6 2. d4 d5 3. Nc3 dxe4 4. Nxe4 Nd7 5. Bd3 Ngf6 6. Nxf6+ Nxf6 7. c3 Be7 8. Ne2 0-0 9. 0-0 b6 10. Qc2 Bb7 11. Ng3 c5 12. dxc5 Bxc5 13. b4 Qd5 14. Ne4 Nxe4 15. bxc5 Nd2 16. f3 Nxf1 17. Bxh7+ Kh8 18. Be4 Qxc5+ 19. Kxf1 Ba6+ 20. Bd3 Bxd3+ 21. Qxd3 Rfd8 22. Qc2 Qc4+ 23. Kg1 Rd3 24. Bb2 Rad8 25. Re1 Rd2 26. Qc1 Qc5+ 27. Kh1 Qf2 28. Rg1 Rxb2 29. Qf4 Qxg1+ 30. Kxg1 Rd1# 0-1

[Event "Polanica Zdroj op-B 46th"]
[Site "Polanica Zdroj"]
[Date "2010.08.20"]
[Round "3"]
[White "Rozycki, Dariusz"]
[Black "Kowalewska, Agata"]
[Result "0-1"]
[WhiteElo "1505"]
[BlackElo "1651"]
[PlyCount "42"]
[EventDate "2010.08.18"]
[EventType "swiss"]
[EventRounds "9"]
[EventCountry "POL"]
[SourceTitle "CBM 138 Extra"]
[Source "ChessBase"]
[SourceDate "2010.10.29"]
[SourceVersion "1"]
[SourceVersionDate "2010.10.29"]
[SourceQuality "1"]

1. e4 c5 2. d4 cxd4 3. c3 dxc3 4. Nxc3 Nc6 5. Bc4 e6 6. Nf3 Be7 7. 0-0 d6 8. Qe2 Nf6 9. Rd1 Qc7 10. Bf4 e5 11. Be3 0-0 12. Rac1 a6 13. Nd5 Qd8 14. Bb6 Qd7 15. Be3 Qd8 16. Bb6 Qd7 17. Be3 Nxd5 18. Bxd5 Nb4 19. Bb3 b5 20. Nxe5 Qb7 21. Rd4 dxe5 0-1

[Event "Chelm Earth op"]
[Site "Chelm Lubelski"]
[Date "2010.07.11"]
[Round "5"]
[White "Kowalewska, Agata"]
[Black "Bienias, Piotr"]
[Result "1-0"]
[WhiteElo "1651"]
[BlackElo "1775"]
[PlyCount "49"]
[EventDate "2010.07.07"]
[EventType "swiss"]
[EventRounds "5"]
[EventCountry "POL"]
[SourceTitle "EXT 2023"]
[Source "ChessBase"]
[SourceDate "2022.10.05"]
[SourceVersion "1"]
[SourceVersionDate "2022.10.05"]
[SourceQuality "1"]

1. e4 c5 2. Nf3 d6 3. d4 cxd4 4. Nxd4 Nf6 5. Nc3 a6 6. Be3 e5 7. Nb3 Be6 8. Be2 Be7 9. 0-0 Nbd7 10. f4 Qc7 11. f5 Bc4 12. Bd3 b5 13. Nd2 d5 14. exd5 Nxd5 15. Nxc4 Nxc3 16. Qf3 0-0 17. Nd2 Na4 18. Qh3 f6 19. Qg3 Bc5 20. Rae1 Bxe3+ 21. Rxe3 Nxb2 22. Be4 Rad8 23. Bd5+ Kh8 24. Qh3 Nb6 25. Qxh7+ 1-0

[Event "Warsaw Ursus op 4th"]
[Site "Warsaw"]
[Date "2010.06.06"]
[Round "9"]
[White "Brudzinski, Maciej"]
[Black "Kowalewska, Agata"]
[Result "1/2-1/2"]
[WhiteElo "1939"]
[BlackElo "1616"]
[PlyCount "94"]
[EventDate "2010.05.29"]
[EventType "swiss"]
[EventRounds "9"]
[EventCountry "POL"]
[SourceTitle "CBM 136 Extra"]
[Source "ChessBase"]
[SourceDate "2010.07.02"]
[SourceVersion "2"]
[SourceVersionDate "2010.07.15"]
[SourceQuality "1"]

1. e4 c5 2. d4 cxd4 3. c3 dxc3 4. Nxc3 Nc6 5. Nf3 e6 6. Bc4 Nf6 7. Qe2 d6 8. 0-0 Be7 9. Rd1 Qc7 10. Nb5 Qb8 11. Bf4 e5 12. Bxf7+ Kxf7 13. Qc4+ d5 14. exd5 Nxd5 15. Qxd5+ Be6 16. Nxe5+ Nxe5 17. Qxe5 Qxe5 18. Bxe5 Bg4 19. Re1 Bc5 20. h3 Bh5 21. Nc7 Rac8 22. Nd5 Rhd8 23. Nf4 Rd2 24. Rf1 Be2 25. Nxe2 Rxe2 26. Bc3 Rf8 27. Rae1 Rc2 28. Re5 b6 29. Rd5 Bxf2+ 30. Kh1 Ke6 31. Re5+ Kd7 32. Rd1+ Kc6 33. Re6+ Kb5 34. Rd5+ Ka6 35. Ra5+ Kb7 36. Re7+ Kc6 37. Rg5 Bh4 38. Rexg7 Bxg5 39. Rxg5 Rf7 40. a3 Rcf2 41. Rg4 a5 42. Rc4+ Kd5 43. Rd4+ Kc5 44. Rg4 R2f4 45. Rg5+ R4f5 46. Rg4 Ra7 47. Kh2 Raf7 1/2-1/2

[Event "Warsaw Ursus op 4th"]
[Site "Warsaw"]
[Date "2010.05.29"]
[Round "1"]
[White "Nowak, Lukasz"]
[Black "Kowalewska, Agata"]
[Result "1/2-1/2"]
[WhiteElo "1687"]
[BlackElo "1616"]
[PlyCount "68"]
[EventDate "2010.05.29"]
[EventType "swiss"]
[EventRounds "9"]
[EventCountry "POL"]
[SourceTitle "CBM 136 Extra"]
[Source "ChessBase"]
[SourceDate "2010.07.02"]
[SourceVersion "2"]
[SourceVersionDate "2010.07.15"]
[SourceQuality "1"]

1. e4 c5 2. Nf3 Nc6 3. d4 cxd4 4. Nxd4 Nf6 5. Nc3 e6 6. Be3 Be7 7. Be2 d6 8. 0-0 0-0 9. Nb3 a6 10. f3 b5 11. a3 Qc7 12. Kh1 Bb7 13. Qe1 d5 14. exd5 exd5 15. Rd1 Rad8 16. Bc5 Rfe8 17. Bxe7 Rxe7 18. Qf2 Qe5 19. Rfe1 d4 20. Bxb5 dxc3 21. Rxd8+ Nxd8 22. Rxe5 Rxe5 23. Bd3 cxb2 24. Nd2 Nd5 25. h3 Nc6 26. Be4 Nc3 27. Qf1 Rb5 28. Nb1 Nxe4 29. fxe4 Ne5 30. Qd1 h6 31. Nc3 Rc5 32. Na4 Rb5 33. Nc3 Rc5 34. Na4 Rb5 1/2-1/2

[Event "Warsaw Four Seasons op 3rd"]
[Site "Warsaw"]
[Date "2010.01.31"]
[Round "8"]
[White "Kowalewska, Agata"]
[Black "Mahor, Maksymilian"]
[Result "1-0"]
[WhiteElo "1630"]
[BlackElo "1671"]
[PlyCount "33"]
[EventDate "2010.01.23"]
[EventType "swiss"]
[EventRounds "9"]
[EventCountry "POL"]
[SourceTitle "EXT 2011"]
[Source "ChessBase"]
[SourceDate "2010.11.26"]
[SourceVersion "1"]
[SourceVersionDate "2010.11.26"]
[SourceQuality "1"]

1. e4 Nc6 2. d4 d5 3. exd5 Qxd5 4. Be3 Bf5 5. c4 Qa5+ 6. Bd2 Qb6 7. Bc3 Na5 8. Qa4+ Qc6 9. Qxa5 Bxb1 10. d5 Qg6 11. Qxc7 Rd8 12. Qxb7 Qe4+ 13. Ne2 Qf5 14. Ba5 Rc8 15. Qb5+ Qd7 16. Qxd7+ Kxd7 17. Rxb1 1-0

[Event "Warsaw Four Seasons op 3rd"]
[Site "Warsaw"]
[Date "2010.01.31"]
[Round "9"]
[White "Krasiewicz, Robert"]
[Black "Kowalewska, Agata"]
[Result "1-0"]
[WhiteElo "2097"]
[BlackElo "1630"]
[PlyCount "55"]
[EventDate "2010.01.23"]
[EventType "swiss"]
[EventRounds "9"]
[EventCountry "POL"]
[SourceTitle "EXT 2011"]
[Source "ChessBase"]
[SourceDate "2010.11.26"]
[SourceVersion "1"]
[SourceVersionDate "2010.11.26"]
[SourceQuality "1"]

1. d4 d5 2. c4 Nc6 3. Nf3 Bg4 4. cxd5 Bxf3 5. gxf3 Qxd5 6. e3 e6 7. Nc3 Bb4 8. Bd2 Bxc3 9. bxc3 Nge7 10. e4 Qd7 11. Rb1 b6 12. f4 f5 13. f3 Ng6 14. h4 fxe4 15. h5 e3 16. hxg6 exd2+ 17. Qxd2 h6 18. Qe3 Ne7 19. Bh3 Nxg6 20. f5 Ne7 21. Qxe6 Qc6 22. Kd2 Rf8 23. Rbe1 Qxe6 24. Rxe6 Kd7 25. Rhe1 Nxf5 26. Re7+ Kd6 27. R1e6+ Kd5 28. Re5+ 1-0

[Event "Warsaw Four Seasons op 3rd"]
[Site "Warsaw"]
[Date "2010.01.24"]
[Round "5"]
[White "Malec, Sebastian"]
[Black "Kowalewska, Agata"]
[Result "1-0"]
[WhiteElo "2123"]
[BlackElo "1630"]
[PlyCount "79"]
[EventDate "2010.01.23"]
[EventType "swiss"]
[EventRounds "9"]
[EventCountry "POL"]
[SourceTitle "EXT 2011"]
[Source "ChessBase"]
[SourceDate "2010.11.26"]
[SourceVersion "1"]
[SourceVersionDate "2010.11.26"]
[SourceQuality "1"]

1. e4 c5 2. Nf3 Nc6 3. d4 cxd4 4. Nxd4 Nf6 5. Nc3 e6 6. Nxc6 bxc6 7. e5 Nd5 8. Ne4 Qc7 9. f4 Ba6 10. c4 Bb4+ 11. Kf2 Qb6+ 12. Kf3 f5 13. Ng3 Ne7 14. a3 Bc5 15. b4 Bxb4 16. axb4 Bb7 17. Be3 Qc7 18. Bc5 g5 19. Qd6 Qxd6 20. exd6 g4+ 21. Ke3 Ng6 22. Bd3 h5 23. Rhf1 h4 24. Ne2 Rf8 25. Kd4 Kf7 26. Rxa7 Rxa7 27. Bxa7 c5+ 28. Bxc5 Bxg2 29. Rf2 Bf3 30. Kc3 Bxe2 31. Bxe2 g3 32. hxg3 hxg3 33. Rf3 g2 34. Be3 Ra8 35. Kb2 Ra4 36. b5 Rb4+ 37. Kc2 Ra4 38. Rg3 Ra3 39. Rxg2 Rxe3 40. Bh5 1-0

[Event "Warsaw City-ch"]
[Site "Warsaw"]
[Date "2009.10.04"]
[Round "8"]
[White "Szwaj, Jacek"]
[Black "Kowalewska, Agata"]
[Result "1-0"]
[WhiteElo "1878"]
[BlackElo "1638"]
[PlyCount "21"]
[EventDate "2009.09.26"]
[EventType "swiss"]
[EventRounds "9"]
[EventCountry "POL"]
[SourceTitle "EXT 2010"]
[Source "ChessBase"]
[SourceDate "2010.11.25"]
[SourceVersion "1"]
[SourceVersionDate "2010.11.25"]
[SourceQuality "1"]

1. e4 c5 2. Nf3 e6 3. d4 cxd4 4. Nxd4 Nc6 5. Nb5 Qa5+ 6. N1c3 Bb4 7. a3 a6 8. axb4 Qxa1 9. Nc7+ Ke7 10. Nxa8 b5 11. Bg5+ 1-0

[Event "Warsaw City-ch"]
[Site "Warsaw"]
[Date "2009.10.03"]
[Round "5"]
[White "Kowalewska, Agata"]
[Black "Maliszewski, Krzysztof"]
[Result "1-0"]
[WhiteElo "1638"]
[BlackElo "1757"]
[PlyCount "35"]
[EventDate "2009.09.26"]
[EventType "swiss"]
[EventRounds "9"]
[EventCountry "POL"]
[SourceTitle "EXT 2010"]
[Source "ChessBase"]
[SourceDate "2010.11.25"]
[SourceVersion "1"]
[SourceVersionDate "2010.11.25"]
[SourceQuality "1"]

1. e4 e6 2. d4 d5 3. Nc3 dxe4 4. Nxe4 Nd7 5. Bd3 Ngf6 6. Nxf6+ Nxf6 7. Ne2 c5 8. 0-0 Bd7 9. Bg5 Qb6 10. Bxf6 gxf6 11. d5 exd5 12. Nf4 Qd6 13. Re1+ Be7 14. Qe2 Kd8 15. Nxd5 Be6 16. Bc4 Bxd5 17. Bxd5 Kc7 18. Rad1 1-0

[Event "Polanica Zdroj op-C 45th"]
[Site "Polanica Zdroj"]
[Date "2009.08.20"]
[Round "3"]
[White "Kowalewska, Agata"]
[Black "Golaszewski, Marek"]
[Result "0-1"]
[WhiteElo "1636"]
[BlackElo "1720"]
[PlyCount "74"]
[EventDate "2009.08.18"]
[EventType "swiss"]
[EventRounds "9"]
[EventCountry "POL"]
[SourceTitle "CBM 132 Extra"]
[Source "ChessBase"]
[SourceDate "2009.11.03"]
[SourceVersion "1"]
[SourceVersionDate "2009.11.03"]
[SourceQuality "1"]

1. e4 e5 2. Nf3 Nf6 3. Nxe5 d6 4. Nf3 Nxe4 5. d3 Nf6 6. d4 d5 7. Bd3 Bd6 8. Bg5 0-0 9. 0-0 Bg4 10. Nbd2 Nbd7 11. c3 c5 12. Qc2 h6 13. Bh4 Rc8 14. Bg3 Bxg3 15. fxg3 cxd4 16. Nxd4 Nc5 17. Bf5 Rc7 18. b4 Bxf5 19. Nxf5 Nce4 20. Nxe4 Nxe4 21. Rac1 Rxc3 22. Qb2 Qb6+ 23. Kh1 Nf2+ 24. Rxf2 Rxc1+ 25. Qxc1 Qxf2 26. Nh4 Re8 27. Nf3 d4 28. h3 d3 29. Qc3 Qc2 30. Qd4 Re2 31. Qd8+ Kh7 32. Ng5+ hxg5 33. Qxg5 Re1+ 34. Kh2 Re8 35. Qf5+ Kg8 36. Qd7 Qe2 37. Qxb7 d2 0-1

[Event "Polanica Zdroj op-C 45th"]
[Site "Polanica Zdroj"]
[Date "2009.08.19"]
[Round "2"]
[White "Karpinski, Bartlomiej"]
[Black "Kowalewska, Agata"]
[Result "1/2-1/2"]
[WhiteElo "1799"]
[BlackElo "1636"]
[PlyCount "65"]
[EventDate "2009.08.18"]
[EventType "swiss"]
[EventRounds "9"]
[EventCountry "POL"]
[SourceTitle "CBM 132 Extra"]
[Source "ChessBase"]
[SourceDate "2009.11.03"]
[SourceVersion "1"]
[SourceVersionDate "2009.11.03"]
[SourceQuality "1"]

1. e4 c5 2. Nc3 Nc6 3. f4 e6 4. Nf3 d6 5. Be2 Nf6 6. 0-0 Be7 7. Kh1 0-0 8. b3 Nd4 9. Bb2 Nxe2 10. Qxe2 b6 11. a4 a5 12. Nb5 Bb7 13. d3 Nd7 14. Rae1 Bf6 15. Bxf6 Nxf6 16. Nd2 d5 17. e5 Ne8 18. Qh5 d4 19. Ne4 Bxe4 20. Rxe4 f5 21. Re2 Qe7 22. Na3 Nc7 23. Rf3 Nd5 24. Nc4 b5 25. Nb2 Nc3 26. Re1 bxa4 27. Nxa4 Nxa4 28. bxa4 Qd7 29. Ra1 Rab8 30. Rh3 g6 31. Rg3 Qxa4 32. Rxg6+ hxg6 33. Qxg6+ 1/2-1/2

[Event "Milanowek op"]
[Site "Milanowek"]
[Date "2009.06.24"]
[Round "5"]
[White "Kowalewska, Agata"]
[Black "Budrewicz, Henryk"]
[Result "1-0"]
[WhiteElo "1647"]
[BlackElo "1671"]
[PlyCount "55"]
[EventDate "2009.06.20"]
[EventType "swiss"]
[EventRounds "9"]
[EventCountry "POL"]
[SourceTitle "CBM 131 Extra"]
[Source "ChessBase"]
[SourceDate "2009.09.03"]
[SourceVersion "2"]
[SourceVersionDate "2009.09.16"]
[SourceQuality "1"]

1. e4 b6 2. d4 e6 3. c4 Bb7 4. Nc3 Bb4 5. Bd3 Nf6 6. f3 0-0 7. Nge2 d6 8. Bg5 h6 9. Bh4 g5 10. Bg3 Nbd7 11. h4 Bxc3+ 12. Nxc3 Nh5 13. Bf2 Nf4 14. hxg5 Nxd3+ 15. Qxd3 Qxg5 16. Be3 Qg3+ 17. Ke2 f5 18. Rxh6 Rf6 19. Rh5 Raf8 20. Rah1 Kf7 21. Rg5 Qxg5 22. Bxg5 Rg6 23. Rh7+ Rg7 24. Rxg7+ Kxg7 25. Qe3 Rg8 26. exf5 e5 27. dxe5 dxe5 28. Nb5 1-0

[Event "Milanowek op"]
[Site "Milanowek"]
[Date "2009.06.22"]
[Round "3"]
[White "Woloszyn, Piotr"]
[Black "Kowalewska, Agata"]
[Result "1-0"]
[WhiteElo "1831"]
[BlackElo "1647"]
[PlyCount "53"]
[EventDate "2009.06.20"]
[EventType "swiss"]
[EventRounds "9"]
[EventCountry "POL"]
[SourceTitle "CBM 131 Extra"]
[Source "ChessBase"]
[SourceDate "2009.09.03"]
[SourceVersion "2"]
[SourceVersionDate "2009.09.16"]
[SourceQuality "1"]

1. e4 c5 2. Nc3 Nc6 3. f4 e6 4. Nf3 Qc7 5. g3 d6 6. Bg2 Be7 7. 0-0 h6 8. d3 a6 9. a4 Bf6 10. Kh1 g5 11. e5 dxe5 12. fxg5 hxg5 13. Nxg5 Bxg5 14. Bxg5 e4 15. Bf4 e5 16. Bg5 f6 17. Bxf6 Nxf6 18. Rxf6 Qg7 19. Nxe4 Bg4 20. Qf1 0-0-0 21. Nd6+ Kb8 22. Rf7 Qh6 23. Rxb7+ Ka8 24. h4 Rxd6 25. Qf7 Bc8 26. Ra7+ Kb8 27. Qc7# 1-0

[Event "Milanowek op"]
[Site "Milanowek"]
[Date "2009.06.21"]
[Round "2"]
[White "Kowalewska, Agata"]
[Black "Grochulski, Grzegorz"]
[Result "0-1"]
[WhiteElo "1647"]
[BlackElo "1949"]
[PlyCount "54"]
[EventDate "2009.06.20"]
[EventType "swiss"]
[EventRounds "9"]
[EventCountry "POL"]
[SourceTitle "CBM 131 Extra"]
[Source "ChessBase"]
[SourceDate "2009.09.03"]
[SourceVersion "2"]
[SourceVersionDate "2009.09.16"]
[SourceQuality "1"]

1. e4 c5 2. Nf3 Nc6 3. d4 cxd4 4. Nxd4 Nf6 5. Nc3 e6 6. Ndb5 d6 7. Bg5 a6 8. Bxf6 gxf6 9. Nd4 Qc7 10. Be2 b5 11. Nxc6 Qxc6 12. e5 Rb8 13. Bf3 Qc5 14. exf6 Qe5+ 15. Qe2 Qxf6 16. 0-0 Be7 17. a4 b4 18. Bc6+ Kf8 19. Ne4 Qxb2 20. Rab1 Qe5 21. Qe3 d5 22. Ng3 Qxe3 23. fxe3 Rb6 24. Ba8 Bd7 25. Rf3 Rb8 26. Rbf1 f6 27. Nh5 Rxa8 0-1

[Event "Warsaw op 05"]
[Site "Warsaw"]
[Date "2009.06.06"]
[Round "6"]
[White "Woloszyn, Piotr"]
[Black "Kowalewska, Agata"]
[Result "1-0"]
[WhiteElo "1757"]
[BlackElo "1636"]
[PlyCount "69"]
[EventDate "2009.05.30"]
[EventType "swiss"]
[EventRounds "9"]
[EventCountry "POL"]
[SourceTitle "EXT 2012"]
[Source "ChessBase"]
[SourceDate "2011.11.24"]
[SourceVersion "1"]
[SourceVersionDate "2011.11.24"]
[SourceQuality "1"]

1. e4 c5 2. f4 e6 3. Nf3 Nc6 4. Bb5 Qc7 5. d3 Qa5+ 6. Nc3 Nd4 7. Bc4 b5 8. Bb3 b4 9. Ne2 Nxf3+ 10. gxf3 Be7 11. 0-0 Nf6 12. Ng3 h5 13. e5 Ng8 14. Ne4 Qb6 15. Be3 Bb7 16. c3 bxc3 17. bxc3 Nh6 18. Bf2 f5 19. Ng5 Bxg5 20. fxg5 Nf7 21. d4 Nxg5 22. d5 Nh3+ 23. Kh1 Nxf2+ 24. Rxf2 c4 25. Rb2 cxb3 26. Rxb3 Qc7 27. dxe6 dxe6 28. Rab1 Bd5 29. c4 Bxc4 30. Rb7 Qc8 31. Qd6 Qd8 32. Rb8 Kf7 33. Rxd8 Rhxd8 34. Qc7+ Kg8 35. Qxc4 1-0

[Event "POL-chT U14 Girls 15th"]
[Site "Sielpia"]
[Date "2009.04.30"]
[Round "6"]
[White "Chenska, Karolina"]
[Black "Kowalewska, Agata"]
[Result "1-0"]
[WhiteElo "1539"]
[BlackElo "1647"]
[PlyCount "102"]
[EventDate "2009.04.27"]
[EventType "team-tourn"]
[EventRounds "10"]
[EventCountry "POL"]
[SourceTitle "EXT 2011"]
[Source "ChessBase"]
[SourceDate "2010.11.26"]
[SourceVersion "1"]
[SourceVersionDate "2010.11.26"]
[SourceQuality "1"]

1. e4 c5 2. Nf3 Nc6 3. d4 cxd4 4. Nxd4 e6 5. Nc3 Qc7 6. Ndb5 Qb8 7. g3 a6 8. Nd4 g6 9. Bg2 Bg7 10. Be3 Nge7 11. 0-0 0-0 12. f4 d6 13. Kh1 Qc7 14. a3 b5 15. Qd3 Bb7 16. Rfd1 Rad8 17. Qe2 h6 18. Rd3 Rd7 19. Rad1 Rfd8 20. Qf2 Kh7 21. Nce2 Nxd4 22. Nxd4 e5 23. fxe5 dxe5 24. Nb3 f5 25. Bb6 Rxd3 26. cxd3 Qd7 27. Nc5 Qd4 28. Qxd4 Rxd4 29. Nxb7 Rd7 30. Nc5 Rd6 31. Ba5 f4 32. Be1 Rf6 33. gxf4 exf4 34. e5 Rf7 35. e6 Rf5 36. Bf2 f3 37. Bh3 Re5 38. Re1 Rxe1+ 39. Bxe1 Bxb2 40. Nxa6 Bxa3 41. Bb4 Bxb4 42. Nxb4 Kg7 43. d4 Kf6 44. d5 h5 45. d6 Ng8 46. d7 Ke7 47. Nc6+ Kd6 48. d8Q+ Kxc6 49. Qxg8 b4 50. e7 b3 51. e8Q+ Kd6 1-0